MARC

Tag First Indicator Second Indicator Subfields
LEADER 00000pam a2200000 a 4500
001 in00001594921
005 20151022174204.0
008 000314s2000 ohu b s001 0aeng
010 |a  00035635  
020 |a 0873386701 (alk. paper) 
035 |a (OCoLC)ocm43729027 
040 |a DLC  |c DLC  |d TXA  |d UtOrBLW 
043 |a n-us---  |a n-us-mi 
049 |a TXAM 
050 0 0 |a E514.6 6th  |b .K44 2000 
082 0 0 |a 973.7/474  |2 21 
100 1 |a Kidd, James Harvey,  |d 1840-1913. 
245 1 0 |a One of Custer's Wolverines :  |b the Civil War letters of Brevet Brigadier General James H. Kidd, 6th Michigan Cavalry /  |c edited by Eric J. Wittenberg. 
264 1 |a Kent, Ohio :  |b Kent State University Press,  |c [2000] 
264 4 |c ©2000 
300 |a xxi, 241 pages :  |b illustrations, portraits ;  |c 25 cm. 
336 |a text  |b txt  |2 rdacontent 
337 |a unmediated  |b n  |2 rdamedia 
338 |a volume  |b nc  |2 rdacarrier 
504 |a Includes bibliographical references (pages 223-231) and index. 
600 1 0 |a Kidd, James Harvey,  |d 1840-1913  |v Correspondence. 
610 1 0 |a United States.  |b Army.  |b Michigan Cavalry Regiment, 6th (1862-1865) 
651 0 |a United States  |x History  |y Civil War, 1861-1865  |v Personal narratives. 
651 0 |a Michigan  |x History  |y Civil War, 1861-1865  |v Personal narratives. 
651 0 |a United States  |x History  |y Civil War, 1861-1865  |x Regimental histories. 
651 0 |a Michigan  |x History  |y Civil War, 1861-1865  |x Regimental histories. 
651 0 |a United States  |x History  |y Civil War, 1861-1865  |x Cavalry operations. 
650 0 |a Soldiers  |z Michigan  |v Correspondence. 
700 1 |a Wittenberg, Eric J.,  |d 1961- 
948 |a cataloged  |b h  |c 2001/3/5  |d c  |e dmitchel  |f 11:16:28 am 
994 |a E0  |b TXA 
999 |a MARS 
999 f f |s ea67b71b-8bf0-3ef2-ac06-812beb87f322  |i 04ebe4de-a986-36bb-8c69-5e8ee607802a  |t 0 
952 f f |p noncirc  |a Texas A&M University  |b College Station  |c Cushing Memorial Library & Archives  |d Cushing: Ragan Military (Does not check out)  |t 0  |e E514.6 6th .K44 2000  |h Library of Congress classification  |i unmediated -- volume 
952 f f |p ric  |a Texas A&M University  |b Rellis Campus  |c Joint Library Facility  |d Remote Storage  |t 0  |e E514.6 6th .K44 2000  |h Library of Congress classification  |i unmediated -- volume  |m A14827433069 
998 f f |a E514.6 6th .K44 2000  |t 0  |l Cushing: Ragan Military (Does not check out) 
998 f f |a E514.6 6th .K44 2000  |t 0  |l Remote Storage